Statistics for 福布斯中国企业

Click here to take the quiz!

General Stats

  • This quiz has been taken 299 times
  • The average score is 8 of 20

Answer Stats

全球排名中国企业% Correct
18中国石油
79%
32中国石化
78%
54阿里巴巴
73%
35腾讯
72%
12中国银行
67%
5中国农业银行
65%
3中国工商银行
63%
4中国建设银行
62%
25中国移动
40%
26招商银行
29%
53交通银行
25%
16中国平安保险
23%
66中国建筑集团
22%
85中国海洋石油
22%
62中国人寿保险
19%
71中信集团
18%
115上海浦东发展银行
17%
27中国邮政储蓄银行
15%
60兴业银行
9%
121宁德时代
9%

Score Distribution

Percentile by Number Answered

Percent of People with Each Score

Your Score History

You have not taken this quiz